[Event "ENG-ch Seniors 65"]
[Site "Leamington Spa"]
[Date "2023.05.07"]
[Round "5"]
[White "Bellers, Chris J"]
[Black "Waldock, Adrian DP"]
[Result "1/2-1/2"]
[WhiteElo "1900"]
[BlackElo "1686"]
[PlyCount "66"]
[EventDate "2023.05.04"]
[EventType "swiss"]
[EventRounds "7"]
[EventCountry "ENG"]
[SourceTitle "CBM 214 Extra"]
[Source "ChessBase"]
[SourceDate "2023.07.31"]
[SourceVersion "1"]
[SourceVersionDate "2023.07.31"]
[SourceQuality "1"]

1. c4 e6 2. g3 d5 3. Bg2 Nf6 4. Nf3 c6 5. 0-0 Bd6 6. b3 0-0 7. Bb2 Nbd7 8. d4 b6 9. Nbd2 Bb7 10. Ne5 Rc8 11. e4 dxe4 12. Nxe4 Nxe4 13. Bxe4 Nf6 14. Bg2 Qc7 15. Re1 c5 16. d5 exd5 17. cxd5 Rfe8 18. f4 Rcd8 19. Qd2 b5 20. Nc6 Ra8 21. Rxe8+ Nxe8 22. Re1 a5 23. Nxa5 Nf6 24. Nxb7 Qxb7 25. Be5 Qc7 26. Qb2 Ne8 27. Re2 f6 28. Bxd6 Nxd6 29. Re6 c4 30. bxc4 bxc4 31. h3 c3 32. Qc2 Rb8 33. Re3 Rc8 1/2-1/2

[Event "Buxton e2e4 op-B 03"]
[Site "Buxton"]
[Date "2013.03.16"]
[Round "3"]
[White "Blackburn, Jon E"]
[Black "Waldock, Adrian DP"]
[Result "0-1"]
[WhiteElo "1862"]
[BlackElo "1710"]
[PlyCount "82"]
[EventDate "2013.03.15"]
[EventType "swiss"]
[EventRounds "5"]
[EventCountry "ENG"]
[SourceTitle "EXT 2015"]
[Source "ChessBase"]
[SourceDate "2014.11.20"]
[SourceVersion "1"]
[SourceVersionDate "2014.11.20"]
[SourceQuality "1"]

1. d4 Nf6 2. Nf3 g6 3. Bg5 Bg7 4. Nbd2 d5 5. e3 Nbd7 6. Bd3 0-0 7. c3 c5 8. 0-0 b6 9. e4 dxe4 10. Nxe4 Bb7 11. Nxf6+ exf6 12. Be3 cxd4 13. Bxd4 Ne5 14. Nxe5 fxe5 15. Be3 Qc7 16. Qc2 f5 17. Qb3+ Kh8 18. Rad1 f4 19. Bc1 f3 20. g3 e4 21. Bc4 Rad8 22. Bd5 Rxd5 23. Rxd5 Qc8 24. Kh1 Qh3 25. Rg1 Bxd5 26. Qxd5 Re8 27. Be3 Qc8 28. Bd4 h6 29. g4 Qe6 30. Bxg7+ Kxg7 31. Qxe6 Rxe6 32. Rd1 Kf6 33. h4 Ke5 34. Kh2 Kf4 35. Kh3 e3 36. Rd4+ Re4 37. fxe3+ Kxe3 38. Rd1 Ke2 39. Rh1 f2 40. Kg2 Rxg4+ 41. Kh3 Rg1 0-1

[Event "Buxton e2e4 op-B 03"]
[Site "Buxton"]
[Date "2013.03.16"]
[Round "2"]
[White "Ross, Stuart"]
[Black "Waldock, Adrian DP"]
[Result "0-1"]
[WhiteElo "1548"]
[BlackElo "1710"]
[PlyCount "72"]
[EventDate "2013.03.15"]
[EventType "swiss"]
[EventRounds "5"]
[EventCountry "ENG"]
[SourceTitle "EXT 2015"]
[Source "ChessBase"]
[SourceDate "2014.11.20"]
[SourceVersion "1"]
[SourceVersionDate "2014.11.20"]
[SourceQuality "1"]

1. e4 Nf6 2. e5 Nd5 3. d4 d6 4. Nf3 dxe5 5. Nxe5 g6 6. Be2 Bg7 7. c4 Nb6 8. Nc3 0-0 9. Be3 c6 10. 0-0 N8d7 11. Nf3 Nf6 12. h3 Bf5 13. Qd2 Re8 14. Bh6 Bh8 15. Bd3 Bxd3 16. Qxd3 e5 17. c5 exd4 18. Qxd4 Qxd4 19. Nxd4 Nbd5 20. Nxd5 Nxd5 21. Rad1 Re4 22. Nc2 Re2 23. Rd2 Rae8 24. b4 Bc3 25. Rxe2 Rxe2 26. Ne3 Nxb4 27. a3 Nd3 28. Nd1 Ba5 29. Ne3 Re1 30. Rxe1 Bxe1 31. Ng4 f5 32. Nf6+ Kf7 33. Nd7 Bxf2+ 34. Kf1 Bd4 35. Ke2 Nxc5 36. Nxc5 Bxc5 0-1

[Event "BCF-chT3 1011 (4NCL)"]
[Site "England"]
[Date "2010.11.06"]
[Round "1.39"]
[White "Waldock, Adrian DP"]
[Black "Bucher, Grant"]
[Result "0-1"]
[WhiteElo "1794"]
[BlackElo "2023"]
[PlyCount "80"]
[EventDate "2010.11.06"]
[EventType "team-swiss"]
[EventRounds "9"]
[EventCountry "ENG"]
[SourceTitle "CBM 139 Extra"]
[Source "ChessBase"]
[SourceDate "2011.01.05"]
[SourceVersion "1"]
[SourceVersionDate "2011.01.05"]
[SourceQuality "1"]
[WhiteTeam "Guildford A&DC IV"]
[BlackTeam "Sussex Smart Controls"]
[WhiteTeamCountry "ENG"]
[BlackTeamCountry "ENG"]

1. d4 Nf6 2. Nf3 g6 3. c4 Bg7 4. Nc3 d5 5. Bf4 0-0 6. e3 c5 7. Bd3 Nc6 8. 0-0 cxd4 9. exd4 Bg4 10. Be2 Rc8 11. h3 Bxf3 12. Bxf3 dxc4 13. d5 Nb4 14. d6 Nd3 15. dxe7 Qxe7 16. Qd2 Nxf4 17. Qxf4 Qb4 18. Rab1 Rfe8 19. Rfc1 b5 20. Bb7 Nh5 21. Qf3 Rcd8 22. Qc6 Re6 23. Qc7 Qd6 24. Qxd6 Rexd6 25. Bf3 a6 26. Ne4 Rd4 27. Bxh5 Rxe4 28. Bf3 Red4 29. b3 cxb3 30. axb3 Rd2 31. Rd1 Kf8 32. Rxd2 Rxd2 33. Rd1 Rxd1+ 34. Bxd1 Ke7 35. Bf3 Kd6 36. Kf1 Kc5 37. Bb7 a5 38. Ke2 a4 39. bxa4 bxa4 40. Kd3 a3 0-1

[Event "BCF-chT2d 0910 (4NCL) Demotion pool"]
[Site "England"]
[Date "2010.05.01"]
[Round "9.6"]
[White "Waldock, Adrian DP"]
[Black "Whitaker, Thomas R"]
[Result "1/2-1/2"]
[WhiteElo "1850"]
[BlackElo "1954"]
[PlyCount "59"]
[EventDate "2009.10.24"]
[EventType "team-tourn"]
[EventRounds "4"]
[EventCountry "ENG"]
[SourceTitle "EXT 2010"]
[Source "ChessBase"]
[SourceDate "2010.11.25"]
[SourceVersion "1"]
[SourceVersionDate "2010.11.25"]
[SourceQuality "1"]
[WhiteTeam "Guildford III"]
[BlackTeam "White Rose II"]
[WhiteTeamCountry "ENG"]
[BlackTeamCountry "ENG"]

1. Nf3 c5 2. g3 Nc6 3. Bg2 g6 4. c4 Bg7 5. Nc3 Nf6 6. d3 0-0 7. e4 d6 8. h3 Nd7 9. 0-0 Nde5 10. Ne1 Nd4 11. f4 Nec6 12. Be3 f5 13. Kh2 Kh8 14. Rb1 e5 15. Nd5 Be6 16. a3 Qd7 17. b4 Rae8 18. b5 Ne7 19. Bxd4 exd4 20. Nf3 Nc8 21. Ng5 Bg8 22. h4 Bxd5 23. cxd5 Bf6 24. Ne6 Rxe6 25. dxe6 Qxe6 26. Qb3 Qxb3 27. Rxb3 fxe4 28. Bxe4 b6 29. Rbb1 Ne7 30. Rfe1 1/2-1/2

[Event "BCF-chT2d 0910 (4NCL) Demotion pool"]
[Site "England"]
[Date "2010.03.28"]
[Round "8.6"]
[White "Hackett, David G"]
[Black "Waldock, Adrian DP"]
[Result "1/2-1/2"]
[WhiteElo "2140"]
[BlackElo "1850"]
[PlyCount "35"]
[EventDate "2009.10.24"]
[EventType "team-tourn"]
[EventRounds "4"]
[EventCountry "ENG"]
[SourceTitle "EXT 2010"]
[Source "ChessBase"]
[SourceDate "2010.11.25"]
[SourceVersion "1"]
[SourceVersionDate "2010.11.25"]
[SourceQuality "1"]
[WhiteTeam "Brown Jack"]
[BlackTeam "Guildford III"]
[WhiteTeamCountry "ENG"]
[BlackTeamCountry "ENG"]

1. e4 c5 2. Nc3 Nc6 3. g3 g6 4. Bg2 Bg7 5. d3 d6 6. f4 e6 7. Nf3 Nge7 8. 0-0 0-0 9. Be3 f5 10. Rb1 Rb8 11. a4 b6 12. Bf2 a6 13. h3 d5 14. exf5 exf5 15. Qd2 d4 16. Nd1 Nd5 17. Re1 Qd6 18. Kh1 1/2-1/2

[Event "BCF-chT3 0910 (4NCL)"]
[Site "England"]
[Date "2010.03.27"]
[Round "8.1"]
[White "Waldock, Adrian DP"]
[Black "Hope, Gary"]
[Result "1/2-1/2"]
[WhiteElo "1850"]
[BlackElo "1938"]
[PlyCount "54"]
[EventDate "2009.10.24"]
[EventType "team-tourn"]
[EventRounds "11"]
[EventCountry "ENG"]
[SourceTitle "EXT 2011"]
[Source "ChessBase"]
[SourceDate "2010.11.26"]
[SourceVersion "1"]
[SourceVersionDate "2010.11.26"]
[SourceQuality "1"]
[WhiteTeam "Guildford"]
[BlackTeam "Halesowen"]
[WhiteTeamCountry "ENG"]
[BlackTeamCountry "ENG"]

1. f4 d5 2. Nf3 c5 3. e3 Nc6 4. Bb5 a6 5. Bxc6+ bxc6 6. b3 Nf6 7. Bb2 g6 8. 0-0 Bg7 9. Qe2 0-0 10. d3 Qb6 11. c4 Bg4 12. Nbd2 Rad8 13. Rab1 a5 14. Qf2 Bf5 15. Ne5 a4 16. Qe2 axb3 17. axb3 Qc7 18. e4 dxe4 19. dxe4 Bc8 20. Rbd1 Nd7 21. Ndf3 Nxe5 22. Bxe5 Bxe5 23. Nxe5 Rxd1 24. Rxd1 f6 25. Nd3 Qb6 26. Nc1 Rd8 27. Rd3 Rd4 1/2-1/2

[Event "BCF-chT2b 0910 (4NCL)"]
[Site "England"]
[Date "2010.02.21"]
[Round "6.7"]
[White "Pugh, Derek"]
[Black "Waldock, Adrian DP"]
[Result "1-0"]
[WhiteElo "2122"]
[BlackElo "1850"]
[PlyCount "75"]
[EventDate "2009.10.24"]
[EventType "team-tourn"]
[EventRounds "11"]
[EventCountry "ENG"]
[SourceTitle "EXT 2010"]
[Source "ChessBase"]
[SourceDate "2010.11.25"]
[SourceVersion "1"]
[SourceVersionDate "2010.11.25"]
[SourceQuality "1"]
[WhiteTeam "Bristol"]
[BlackTeam "Guildford III"]
[WhiteTeamCountry "ENG"]
[BlackTeamCountry "ENG"]

1. e4 c5 2. Nc3 Nc6 3. g3 g6 4. Bg2 Bg7 5. d3 d6 6. Nh3 Nf6 7. 0-0 0-0 8. f4 Bg4 9. Qd2 Rb8 10. Nf2 Bd7 11. Ncd1 b5 12. Ne3 a5 13. g4 Qc8 14. f5 b4 15. g5 Ne8 16. Nfg4 f6 17. Nd5 Qd8 18. gxf6 exf6 19. Nh6+ Kh8 20. Qd1 Ne5 21. Ng4 Rb7 22. Be3 Bc8 23. Nf4 g5 24. Nd5 Rbf7 25. Nxe5 fxe5 26. Rf3 Bb7 27. Rg3 Bxd5 28. exd5 Bf6 29. Qh5 Ng7 30. Qh3 h5 31. Bf3 h4 32. Rg2 Qe7 33. Kh1 Rg8 34. Rag1 Ne8 35. Bh5 Rfg7 36. Bg6 Qc7 37. Bxg5 Rxg6 38. Qxh4+ 1-0

[Event "BCF-chT3 0809 (4NCL)"]
[Site "Hinckley Island"]
[Date "2009.05.04"]
[Round "11.4"]
[White "Mapletoft, Alexander J"]
[Black "Waldock, Adrian DP"]
[Result "1-0"]
[WhiteElo "1925"]
[BlackElo "1925"]
[PlyCount "79"]
[EventDate "2008.10.18"]
[EventType "team-swiss"]
[EventRounds "11"]
[EventCountry "ENG"]
[SourceTitle "EXT 2010"]
[Source "ChessBase"]
[SourceDate "2010.11.25"]
[SourceVersion "1"]
[SourceVersionDate "2010.11.25"]
[SourceQuality "1"]
[WhiteTeam "Leicester II"]
[BlackTeam "Guildford V"]
[WhiteTeamCountry "ENG"]
[BlackTeamCountry "ENG"]

1. e4 c5 2. Nf3 d6 3. d4 cxd4 4. Nxd4 Nf6 5. Nc3 a6 6. Bg5 e6 7. f4 Qb6 8. Nb3 Be7 9. Qf3 Nc6 10. 0-0-0 Bd7 11. g4 0-0-0 12. Bxf6 gxf6 13. h4 Kb8 14. g5 Bc8 15. Bh3 Qc7 16. Rhg1 Rdf8 17. Ne2 h6 18. Ned4 hxg5 19. Nxc6+ bxc6 20. hxg5 fxg5 21. fxg5 Rhg8 22. Qe3 c5 23. Rg2 Rg6 24. Rg3 Rfg8 25. Rdg1 Qd8 26. Kb1 Rxg5 27. Rxg5 Rxg5 28. Rxg5 Bxg5 29. Qf3 Qf6 30. Qd3 Qe5 31. Na5 Kc7 32. Nc4 Qf4 33. a3 Bb7 34. Bg2 Be7 35. Qb3 Bxe4 36. Qb6+ Kd7 37. Qa7+ Ke8 38. Qb8+ Bd8 39. Nxd6+ Ke7 40. Nc8+ 1-0

[Event "BCF-chT3 0809 (4NCL)"]
[Site "Hinckley Island"]
[Date "2009.02.07"]
[Round "5.5"]
[White "Campbell, Mark C"]
[Black "Waldock, Adrian DP"]
[Result "1/2-1/2"]
[WhiteElo "1995"]
[BlackElo "1925"]
[PlyCount "48"]
[EventDate "2008.10.18"]
[EventType "team-swiss"]
[EventRounds "11"]
[EventCountry "ENG"]
[SourceTitle "EXT 2010"]
[Source "ChessBase"]
[SourceDate "2010.11.25"]
[SourceVersion "1"]
[SourceVersionDate "2010.11.25"]
[SourceQuality "1"]
[WhiteTeam "Cambridge II"]
[BlackTeam "Guildford V"]
[WhiteTeamCountry "ENG"]
[BlackTeamCountry "ENG"]

1. e4 c5 2. Nf3 d6 3. d4 cxd4 4. Nxd4 Nf6 5. Nc3 a6 6. f4 e6 7. Qf3 Be7 8. Be3 Qc7 9. g4 Nc6 10. g5 Nd7 11. h4 b5 12. 0-0-0 Rb8 13. Bh3 Nc5 14. f5 Ne5 15. Qg2 b4 16. Nce2 Nc4 17. Bf2 e5 18. Nb3 Na4 19. g6 hxg6 20. fxg6 f6 21. h5 Naxb2 22. Rdg1 Nd3+ 23. Kd1 Ndb2+ 24. Kc1 Nd3+ 1/2-1/2

[Event "BCF-chT4 0506 (4NCL)"]
[Site "West Bromwich"]
[Date "2006.03.18"]
[Round "7.4"]
[White "Waldock, Adrian DP"]
[Black "Schlesinger, Noah"]
[Result "1-0"]
[WhiteElo "1885"]
[BlackElo "1865"]
[PlyCount "75"]
[EventDate "2005.11.05"]
[EventType "team"]
[EventRounds "11"]
[EventCountry "ENG"]
[SourceTitle "CBM 109 Extra"]
[Source "ChessBase"]
[SourceDate "2006.01.03"]
[SourceVersion "2"]
[SourceVersionDate "2006.01.03"]
[SourceQuality "1"]
[WhiteTeam "Addlestone"]
[BlackTeam "Richmond II"]
[WhiteTeamCountry "ENG"]
[BlackTeamCountry "ENG"]

1. f4 d5 2. Nf3 e6 3. e3 c5 4. Be2 Nf6 5. 0-0 Bd6 6. b3 Nbd7 7. Bb2 0-0 8. Na3 a6 9. c4 Re8 10. Ne5 d4 11. Nxd7 Bxd7 12. Bf3 Rb8 13. g3 e5 14. Rc1 e4 15. Bg2 Bg4 16. Qe1 d3 17. Rf2 Qd7 18. Nb1 b5 19. Bxf6 gxf6 20. cxb5 axb5 21. Nc3 f5 22. a4 b4 23. Nb5 Rec8 24. Nxd6 Qxd6 25. Rc4 f6 26. Qa1 Bh5 27. Bh3 Bf7 28. Bxf5 Bxc4 29. Bxc8 Bxb3 30. Bf5 Qc6 31. a5 c4 32. Qd4 Re8 33. Bd7 Rd8 34. Bxc6 Rxd4 35. exd4 e3 36. Bd5+ Kg7 37. dxe3 d2 38. Rxd2 1-0

[Event "Civil Service Major op"]
[Site "London"]
[Date "2005.11.06"]
[Round "5"]
[White "Ahuja, Akshaya"]
[Black "Waldock, Adrian DP"]
[Result "1/2-1/2"]
[WhiteElo "1432"]
[BlackElo "1616"]
[PlyCount "73"]
[EventDate "2005.11.05"]
[EventType "swiss"]
[EventRounds "5"]
[EventCountry "ENG"]
[SourceTitle "EXT 2007"]
[Source "ChessBase"]
[SourceDate "2006.11.23"]
[SourceVersion "1"]
[SourceVersionDate "2006.11.23"]
[SourceQuality "1"]

1. e4 e6 2. d4 d5 3. Nd2 Nf6 4. e5 Nfd7 5. Bd3 c5 6. c3 Nc6 7. Ne2 Qb6 8. Nf3 cxd4 9. cxd4 Bb4+ 10. Bd2 Be7 11. Qc2 Nb4 12. Bxb4 Bxb4+ 13. Nc3 h6 14. 0-0 a6 15. a3 Be7 16. Ne2 0-0 17. Nd2 f6 18. Qc3 f5 19. Nf4 Rf7 20. Nf3 Nf8 21. h3 Bd7 22. Qd2 Rc8 23. Rab1 g5 24. Ne2 Nh7 25. Nh2 Rcf8 26. f4 Rg7 27. Kh1 gxf4 28. Qxf4 Bg5 29. Qf2 Qd8 30. Nf3 Be7 31. Nf4 Ng5 32. Nxg5 hxg5 33. Ne2 Qe8 34. Qf3 g4 35. hxg4 Rxg4 36. Nf4 Bg5 37. Nh3 1/2-1/2

[Event "Civil Service Major op"]
[Site "London"]
[Date "2005.11.05"]
[Round "1"]
[White "Rahman, K Azizur"]
[Black "Waldock, Adrian DP"]
[Result "1-0"]
[WhiteElo "1808"]
[BlackElo "1616"]
[PlyCount "101"]
[EventDate "2005.11.05"]
[EventType "swiss"]
[EventRounds "5"]
[EventCountry "ENG"]
[SourceTitle "EXT 2007"]
[Source "ChessBase"]
[SourceDate "2006.11.23"]
[SourceVersion "1"]
[SourceVersionDate "2006.11.23"]
[SourceQuality "1"]

1. c4 Nf6 2. Nc3 g6 3. Nf3 Bg7 4. d4 d6 5. e4 0-0 6. Be2 Nbd7 7. 0-0 e5 8. d5 Ne8 9. Nd2 f5 10. f3 Ndf6 11. b4 f4 12. c5 Nh5 13. Nb3 Qg5 14. Bc4 Bd7 15. a4 Qe7 16. b5 Kh8 17. Ba3 g5 18. Rc1 Bf6 19. a5 Qg7 20. c6 Bc8 21. cxb7 Bxb7 22. Bb4 Bc8 23. Be2 Be7 24. b6 axb6 25. axb6 cxb6 26. Nb5 Bb7 27. Nc7 Nxc7 28. Rxc7 Bc8 29. Bxd6 Rf7 30. Bxe7 Rxe7 31. Rc6 Rb8 32. d6 Ra7 33. Qc2 Be6 34. Ra1 Rxa1+ 35. Nxa1 Qa7 36. Qc3 b5+ 37. Kf1 Qd4 38. Qxd4 exd4 39. Nc2 b4 40. Nxd4 Bd7 41. Rc7 Ba4 42. d7 Bxd7 43. Rxd7 b3 44. Bd3 b2 45. Bb1 Nf6 46. Rd6 Ne8 47. Rd5 h6 48. Ke2 Nc7 49. Rc5 Na6 50. Rb5 Rd8 51. Nf5 1-0